| 000 | 00517cam a2200181ua 4500 | ||
|---|---|---|---|
| 001 | 561 | ||
| 008 | 110407n ii |||gr||||Z||||||eng | ||
| 040 | _cMAIN | ||
| 082 | _a327.11 | ||
| 245 | 1 |
_aInternational relations and politics : _bDiplomatic history between two world wars / _cby J.C. Johari |
|
| 250 | _a1st. | ||
| 260 |
_aDelhi: _bSterling,985. |
||
| 300 |
_ax, 375p: _c20cm. |
||
| 653 | _aPolitical science | ||
| 653 | _aInternational relations and politics | ||
| 700 |
_aJohari, J.C., _eAuthor. |
||
| 942 | _cBK | ||
| 999 |
_c498 _d498 |
||